书目信息 |
| 题名: |
一个朴实的捷克音乐家
|
|
| 作者: | 钱亦平 | |
| 分册: | ||
| 出版信息: | 北京 人民音乐 1982 |
|
| 页数: | 56页 | |
| 开本: | 19cm | |
| 丛书名: | ||
| 单 册: | ||
| 中图分类: | J65 | |
| 科图分类: | ||
| 主题词: | 音乐--各国--作品 , 外国音乐--作品 | |
| 电子资源: | ||
| ISBN: | ||
| 000 | 00639nam0 2200205 450 | |
| 001 | 0753865015 | |
| 005 | 20070818145745.01 | |
| 010 | @d¥0.26 | |
| 100 | @a20070818d km y0chiy0120 ea | |
| 101 | 0 | @achi |
| 200 | 1 | @a一个朴实的捷克音乐家@Ayi ge pu shi de jie ke yin yue jia@e德沃扎克及其主要作品简介@f钱亦平@Fqian yi ping |
| 210 | @a北京@c人民音乐@d1982 | |
| 215 | @a56页@d19cm | |
| 517 | 1 | @a德沃扎克及其主要作品简介@Ade wo zha ke ji qi zhu yao zuo pin jian jie |
| 606 | 0 | @a音乐@y各国@x作品 |
| 606 | 0 | @a外国音乐@x作品 |
| 690 | @aJ65@v3 | |
| 701 | 0 | @a钱亦平@Aqian yi ping |
| 801 | 0 | @aCN@bPFT@c20070818 |
| 905 | @a213230@dJ65@ee2@f1 | |
| 一个朴实的捷克音乐家:德沃扎克及其主要作品简介/钱亦平.-北京:人民音乐,1982 |
| 56页;19cm |
| ISBN :¥0.26 |
| ● |
| 相关链接 |
|
|
|
|
正题名:一个朴实的捷克音乐家
索取号:J65/e2
 
预约/预借
| 序号 | 登录号 | 条形码 | 馆藏地/架位号 | 状态 | 备注 |
| 1 | 6303726 | 263037261 | 教育系资料室/ [索取号:J65/e2] | 在馆 | |
| 2 | 6303727 | 263037270 | 教育系资料室/ [索取号:J65/e2] | 在馆 | |
| 3 | 6303728 | 263037289 | 教育系资料室/ [索取号:J65/e2] | 在馆 |